Eko-eko správanie spotrebiteľa

Správanie spotrebiteľa. Model spotrebiteľského správania. Eko-eko správanie spotrebiteľa.

Saved in:
Bibliographic Details
Main Author: Gežík, Pavel, 1983-
Other Authors: Fašiang, Tomáš
Format: Book Chapter
Language:Slovak
Subjects:
Tags: Add Tag
No Tags, Be the first to tag this record!

MARC

LEADER 00000nla a2200000 4500
001 0233513
005 20240502073807.8
041 0 |a slo 
044 |a SK 
245 1 0 |a Eko-eko správanie spotrebiteľa  |c Pavel Gežík, Tomáš Fašiang 
520 |a Správanie spotrebiteľa. Model spotrebiteľského správania. Eko-eko správanie spotrebiteľa. 
610 2 0 |a spotrebitelia 
610 2 0 |a správanie spotrebiteľa 
610 2 0 |a nákup 
610 2 0 |a maloobchod 
610 2 0 |a doprava 
610 2 0 |a emisie 
610 2 0 |a ochrana prostredia životného 
100 1 |a Gežík, Pavel, 1983- 
700 1 |a Fašiang, Tomáš